000 00357nam a2200145Ia 4500
008 100122s9999 xx 000 0 und d
082 _b27250
_a150
100 _aMURSELL J L
245 _aSTREAMLINE YOUR MIND
260 _bWATTS AND COMPANY
_c1937
300 _a172
630 _aSTREAMLINE YOUR MIND
730 _aSTREAMLINE YOUR MIND
942 _cBOOK
999 _c368516
_d368513